[Event "Copenhagen Bronshoj-chA"]
[Site "Copenhagen"]
[Date "2012.05.03"]
[Round "7"]
[White "Fredericia, Louise Winther"]
[Black "Paaske, Asger"]
[Result "1/2-1/2"]
[WhiteElo "2118"]
[BlackElo "2136"]
[PlyCount "46"]
[EventDate "2012.03.01"]
[EventType "tourn"]
[EventRounds "9"]
[EventCountry "DEN"]
[SourceTitle "EXT 2016"]
[Source "ChessBase"]
[SourceDate "2015.10.08"]
[SourceVersion "1"]
[SourceVersionDate "2015.10.08"]
[SourceQuality "1"]

1. c4 Nf6 2. g3 c5 3. Bg2 d5 4. cxd5 Nxd5 5. Nc3 Nc7 6. Nf3 Nc6 7. 0-0 e5 8. d3 Be7 9. Nd2 Bd7 10. a4 0-0 11. Nc4 f6 12. e3 Rb8 13. f4 exf4 14. gxf4 Nb4 15. e4 Be8 16. Qf3 f5 17. Rd1 Bf7 18. Be3 Qe8 19. Rd2 Nxd3 20. b3 fxe4 21. Nxe4 Nb4 22. Bxc5 Bxc5+ 23. Nxc5 Bd5 1/2-1/2

[Event "EU-Cup 23rd"]
[Site "Kemer"]
[Date "2007.10.05"]
[Round "3.5"]
[White "Gunnarsson, Arnar"]
[Black "Paaske, Asger"]
[Result "1-0"]
[WhiteElo "2439"]
[BlackElo "2144"]
[PlyCount "68"]
[EventDate "2007.10.03"]
[EventType "team-swiss"]
[EventRounds "7"]
[EventCountry "TUR"]
[SourceTitle "CBM 121"]
[Source "ChessBase"]
[SourceDate "2007.11.14"]
[SourceVersion "1"]
[SourceVersionDate "2007.11.14"]
[SourceQuality "1"]
[WhiteTeam "Reykjavik CC"]
[BlackTeam "Bronshoj"]
[WhiteTeamCountry "ISL"]
[BlackTeamCountry "DEN"]

1. Nf3 Nf6 2. d4 g6 3. g3 Bg7 4. Bg2 0-0 5. c4 d5 6. cxd5 Nxd5 7. 0-0 Nc6 8. Nc3 Nb6 9. e3 h6 10. b3 e5 11. Ba3 Re8 12. d5 Ne7 13. e4 f5 14. Nd2 fxe4 15. Bxe4 Bf5 16. Bxe7 Qxe7 17. Qc2 Qd7 18. Rac1 Rac8 19. a4 c6 20. dxc6 Rxc6 21. Bxc6 Qxc6 22. Nce4 Qd5 23. Rfe1 Rc8 24. Qb1 Rxc1 25. Qxc1 Kh7 26. Qc3 Nd7 27. Qe3 Bf8 28. Nc4 Bb4 29. Qf3 Qe6 30. Qd1 Nc5 31. Nxc5 Bxc5 32. Rxe5 Qc6 33. Qd5 Qxd5 34. Rxd5 b6 1-0

[Event "EU-Cup 23rd"]
[Site "Kemer"]
[Date "2007.10.03"]
[Round "1.5"]
[White "Paaske, Asger"]
[Black "Saric, Ibro"]
[Result "0-1"]
[WhiteElo "2144"]
[BlackElo "2541"]
[PlyCount "110"]
[EventDate "2007.10.03"]
[EventType "team-swiss"]
[EventRounds "7"]
[EventCountry "TUR"]
[SourceTitle "CBM 121"]
[Source "ChessBase"]
[SourceDate "2007.11.14"]
[SourceVersion "1"]
[SourceVersionDate "2007.11.14"]
[SourceQuality "1"]
[WhiteTeam "Bronshoj"]
[BlackTeam "Sarajevo Zeljeznicar"]
[WhiteTeamCountry "DEN"]
[BlackTeamCountry "BIH"]

1. e4 c5 2. c3 g6 3. d4 cxd4 4. cxd4 d5 5. exd5 Nf6 6. Nc3 Nxd5 7. Qb3 Nb6 8. Bb5+ Bd7 9. Nf3 Bg7 10. Ne5 0-0 11. Nxd7 N8xd7 12. Be3 Nf6 13. 0-0 Nbd5 14. Be2 Qd7 15. Bf3 e6 16. Bg5 Nxc3 17. bxc3 Rac8 18. a4 b6 19. Rac1 h6 20. Bf4 Nd5 21. Bg3 Rfd8 22. Rfe1 Ne7 23. Qb5 Qxb5 24. axb5 Nd5 25. c4 Nb4 26. Bb7 Nd3 27. Bxc8 Rxc8 28. c5 Nxe1 29. Rxe1 bxc5 30. dxc5 Rxc5 31. Rb1 Rc2 32. Bf4 Bd4 33. Be3 e5 34. Kf1 Kg7 35. Rb4 Bxe3 36. fxe3 Kf6 37. Ra4 Rb2 38. Rxa7 Rxb5 39. Kf2 Rb2+ 40. Kg3 h5 41. Ra4 g5 42. h3 Kg6 43. Kf3 h4 44. Ra6+ f6 45. Re6 Kf7 46. Ra6 e4+ 47. Kxe4 Rxg2 48. Kf5 Rf2+ 49. Kg4 Kg6 50. Re6 Rg2+ 51. Kf3 Rg3+ 52. Kf2 Rxh3 53. e4 g4 54. e5 Rf3+ 55. Kg1 Kf7 0-1

[Event "DEN-ch cand"]
[Site "Aalborg"]
[Date "2007.04.04"]
[Round "2"]
[White "Christensen, Bo Garner"]
[Black "Paaske, Asger"]
[Result "1-0"]
[WhiteElo "2221"]
[BlackElo "2123"]
[PlyCount "95"]
[EventDate "2007.04.03"]
[EventType "swiss"]
[EventRounds "7"]
[EventCountry "DEN"]
[SourceTitle "EXT 2023"]
[Source "ChessBase"]
[SourceDate "2022.10.05"]
[SourceVersion "1"]
[SourceVersionDate "2022.10.05"]
[SourceQuality "1"]

1. d4 Nf6 2. Nf3 g6 3. c4 Bg7 4. Nc3 d5 5. Qb3 dxc4 6. Qxc4 0-0 7. e4 a6 8. Bg5 b5 9. Qc5 Nbd7 10. Qa3 Rb8 11. b4 c5 12. dxc5 Nxe4 13. Nxe4 Bxa1 14. Qc1 Bf6 15. Qf4 Bb7 16. Bd3 Bxg5 17. Qxg5 Nf6 18. Qe3 Bxe4 19. Bxe4 Nxe4 20. Qxe4 Qd7 21. 0-0 Rbc8 22. Re1 Rfe8 23. h4 h5 24. a3 Qc6 25. Qe3 Kg7 26. Ng5 Rcd8 27. Ne4 Qd5 28. Qc3+ Kg8 29. Re3 Qd1+ 30. Kh2 Qg4 31. g3 Rf8 32. Ng5 Rd7 33. Re4 Qf5 34. Qe3 Kg7 35. Kg1 Qf6 36. Nf3 Rfd8 37. Ne5 Rd1+ 38. Kg2 R1d5 39. Nf3 Rd3 40. Qe2 R8d7 41. Ne5 Rd2 42. Nxd7 Rxd7 43. Qf3 Qc6 44. Re5 Qc7 45. Qe4 Qd8 46. c6 Rc7 47. Rd5 Qa8 48. Qe5+ 1-0

[Event "North Sea Cup 21st"]
[Site "Esbjerg"]
[Date "2006.07.12"]
[Round "6"]
[White "Fogh, Jens Olaf Svanholm"]
[Black "Paaske, Asger"]
[Result "0-1"]
[WhiteElo "2093"]
[BlackElo "2226"]
[PlyCount "64"]
[EventDate "2006.07.08"]
[EventType "swiss"]
[EventRounds "9"]
[EventCountry "DEN"]
[SourceTitle "CBM 113 Extra"]
[Source "ChessBase"]
[SourceDate "2006.09.14"]
[SourceVersion "1"]
[SourceVersionDate "2006.09.14"]
[SourceQuality "1"]

1. d4 Nf6 2. Nf3 g6 3. Bf4 Bg7 4. h3 0-0 5. Nbd2 d6 6. c3 Nbd7 7. e4 e5 8. dxe5 dxe5 9. Be3 Qe7 10. Qc2 b6 11. Bc4 Bb7 12. Nh2 Nc5 13. f3 a5 14. 0-0-0 Nh5 15. h4 Ne6 16. g4 Nhf4 17. Nhf1 Ba6 18. Bxa6 Rxa6 19. Ng3 b5 20. h5 b4 21. hxg6 hxg6 22. Nb1 Rd8 23. Rxd8+ Qxd8 24. Rd1 Rd6 25. Rxd6 Qxd6 26. Qd2 Qc6 27. Ne2 Qc4 28. Nxf4 exf4 29. Bxf4 Qf1+ 30. Kc2 Qxf3 31. Bxc7 Qxe4+ 32. Kc1 Nxc7 0-1

[Event "North Sea Cup 21st"]
[Site "Esbjerg"]
[Date "2006.07.09"]
[Round "2"]
[White "Storgaard, Morten Swayne"]
[Black "Paaske, Asger"]
[Result "0-1"]
[WhiteElo "1977"]
[BlackElo "2226"]
[PlyCount "64"]
[EventDate "2006.07.08"]
[EventType "swiss"]
[EventRounds "9"]
[EventCountry "DEN"]
[SourceTitle "CBM 113 Extra"]
[Source "ChessBase"]
[SourceDate "2006.09.14"]
[SourceVersion "1"]
[SourceVersionDate "2006.09.14"]
[SourceQuality "1"]

1. d4 Nf6 2. Nf3 g6 3. c4 Bg7 4. Nc3 d6 5. e4 0-0 6. Bd3 e5 7. d5 a5 8. 0-0 Na6 9. Ne1 Nc5 10. Bc2 Nh5 11. Be3 Qe8 12. Bxc5 dxc5 13. Nd3 b6 14. Ba4 Qe7 15. Bc6 Rb8 16. Qe2 Nf4 17. Nxf4 exf4 18. Nb5 Be5 19. Rfe1 Qf6 20. Rad1 g5 21. Na7 Ba6 22. Bd7 Rbd8 23. Ba4 Rd6 24. Nc6 Kh8 25. b3 Rg8 26. Qh5 Rg6 27. h4 Rxc6 28. Bxc6 Bc8 29. Rd3 gxh4 30. Qd1 h3 31. Kf1 Rxg2 32. Qc1 f3 0-1

[Event "DEN-chT 0506"]
[Site "Denmark"]
[Date "2006.03.05"]
[Round "7.7"]
[White "Paaske, Asger"]
[Black "Andersen, Soren Mikkel"]
[Result "1-0"]
[WhiteElo "2176"]
[BlackElo "2094"]
[PlyCount "77"]
[EventDate "2005.11.05"]
[EventType "team-tourn"]
[EventRounds "9"]
[EventCountry "DEN"]
[SourceTitle "EXT 2023"]
[Source "ChessBase"]
[SourceDate "2022.10.05"]
[SourceVersion "1"]
[SourceVersionDate "2022.10.05"]
[SourceQuality "1"]
[WhiteTeam "Bronshoj"]
[BlackTeam "Aalborg"]
[WhiteTeamCountry "DEN"]
[BlackTeamCountry "DEN"]

1. e4 c5 2. Nf3 d6 3. d4 cxd4 4. Qxd4 a6 5. c4 Nc6 6. Qd3 g6 7. Nc3 Bg7 8. Be2 Nf6 9. 0-0 0-0 10. h3 Be6 11. Be3 Nd7 12. Qd2 Qa5 13. Rac1 Rfc8 14. Ng5 Rab8 15. Nxe6 fxe6 16. Bg4 Nd8 17. Bg5 Nf6 18. Be2 Nf7 19. Be3 Ne5 20. b3 Nc6 21. Rfd1 b5 22. f3 b4 23. Na4 Rd8 24. Qe1 e5 25. c5 d5 26. exd5 Nxd5 27. Bc4 e6 28. Bg5 Rd7 29. Nb6 Rxb6 30. cxb6 Qxb6+ 31. Kh1 Nd4 32. Be3 Qd6 33. Bxd5 Qxd5 34. Qxb4 h5 35. Rc5 Qa8 36. Qc4 Kh7 37. Bxd4 exd4 38. Qxe6 Qa7 39. Rc6 1-0

[Event "Barbera del Valles op 28th"]
[Site "Barbera del Valles"]
[Date "2005.07.07"]
[Round "4"]
[White "Gonzalez Rodriguez, Jorge Armando"]
[Black "Paaske, Asger"]
[Result "0-1"]
[WhiteElo "2386"]
[BlackElo "2171"]
[PlyCount "112"]
[EventDate "2005.07.04"]
[EventType "swiss"]
[EventRounds "9"]
[EventCountry "ESP"]
[SourceTitle "CBM 107 Extra"]
[Source "ChessBase"]
[SourceDate "2005.09.01"]
[SourceVersion "1"]
[SourceVersionDate "2005.09.01"]
[SourceQuality "1"]

1. b3 e5 2. Bb2 Nc6 3. e3 Nf6 4. Bb5 Bd6 5. Bxc6 dxc6 6. d3 0-0 7. Nd2 Re8 8. e4 Bg4 9. Ne2 Nd7 10. f3 Be6 11. 0-0 Nf8 12. Kh1 Qg5 13. Qe1 Ng6 14. Nc4 h5 15. Bc1 Qe7 16. Ng3 h4 17. Nf5 Bxf5 18. exf5 Nf4 19. g3 hxg3 20. hxg3 Nd5 21. Kg2 Qf6 22. Qe4 Nf4+ 23. Kf2 Qh6 24. Ke1 Qh2 25. Kd1 Qxg3 26. Bd2 b5 27. Ne3 Rad8 28. Qxc6 Qh2 29. Re1 e4 30. fxe4 Ba3 31. Bc3 Nxd3 32. Qxe8+ Rxe8 33. cxd3 Bb2 34. Bxb2 Qxb2 35. Nc2 c5 36. Kd2 b4 37. Rac1 Rd8 38. Red1 Qxa2 39. Rb1 Qa6 40. Ke2 Re8 41. Kf3 Qh6 42. Ne3 Qh3+ 43. Kf4 g5+ 44. fxg6 fxg6 45. Rg1 Qh4+ 46. Ng4 Rf8+ 47. Ke3 Qg5+ 48. Ke2 Rf4 49. Nf2 Qh5+ 50. Ke1 Qh2 51. Rf1 Qg3 52. Ke2 Qf3+ 53. Kd2 g5 54. Rbe1 g4 55. e5 g3 56. Ne4 Qg2+ 0-1

[Event "Barbera del Valles op 28th"]
[Site "Barbera del Valles"]
[Date "2005.07.04"]
[Round "1"]
[White "Panelo Munoz, Marcelo A"]
[Black "Paaske, Asger"]
[Result "1-0"]
[WhiteElo "2404"]
[BlackElo "2171"]
[PlyCount "81"]
[EventDate "2005.07.04"]
[EventType "swiss"]
[EventRounds "9"]
[EventCountry "ESP"]
[SourceTitle "CBM 107 Extra"]
[Source "ChessBase"]
[SourceDate "2005.09.01"]
[SourceVersion "1"]
[SourceVersionDate "2005.09.01"]
[SourceQuality "1"]

1. d4 Nf6 2. c4 g6 3. Nc3 d5 4. cxd5 Nxd5 5. e4 Nxc3 6. bxc3 Bg7 7. Bc4 c5 8. Ne2 0-0 9. Be3 Qc7 10. Rc1 Rd8 11. h4 Nc6 12. h5 e5 13. hxg6 hxg6 14. Bg5 exd4 15. Bxd8 Qxd8 16. cxd4 cxd4 17. Bd5 Qe7 18. Qb3 Ne5 19. Nxd4 Qg5 20. Rc7 Qf4 21. Nb5 Bd7 22. Nd6 Rf8 23. Nxf7 Nxf7 24. Bxf7+ Rxf7 25. Rxd7 Bc3+ 26. Kd1 Qg4+ 27. Kc1 Qxd7 28. Qxc3 Rh7 29. Rxh7 Kxh7 30. Qh3+ Qxh3 31. gxh3 g5 32. Kd2 Kg6 33. Ke3 Kf6 34. f4 gxf4+ 35. Kxf4 b5 36. h4 a5 37. h5 b4 38. e5+ Kf7 39. h6 a4 40. e6+ Kxe6 41. h7 1-0

[Event "DEN-ch M7 Gr1"]
[Site "Koge"]
[Date "2005.03.28"]
[Round "7"]
[White "Willumsen, Henrik"]
[Black "Paaske, Asger"]
[Result "1-0"]
[WhiteElo "2185"]
[BlackElo "2129"]
[PlyCount "88"]
[EventDate "2005.03.22"]
[EventType "tourn"]
[EventRounds "7"]
[EventCountry "DEN"]
[SourceTitle "EXT 2018"]
[Source "ChessBase"]
[SourceDate "2017.10.13"]
[SourceVersion "1"]
[SourceVersionDate "2017.10.13"]
[SourceQuality "1"]

1. e4 c5 2. Nf3 Nc6 3. d4 cxd4 4. Nxd4 Nf6 5. Nc3 e5 6. Ndb5 d6 7. Bg5 a6 8. Na3 b5 9. Bxf6 gxf6 10. Nd5 f5 11. Bd3 Be6 12. 0-0 Bxd5 13. exd5 Ne7 14. Re1 Bg7 15. c3 0-0 16. Nc2 e4 17. Bf1 Qb6 18. Qh5 b4 19. Nxb4 a5 20. Nc6 Nxc6 21. dxc6 Qxb2 22. Qxf5 Bxc3 23. Rab1 Qc2 24. Rbc1 Qb2 25. Rb1 Qc2 26. Rec1 Qd2 27. Qxe4 Rae8 28. Qg4+ Kh8 29. Qf3 Be5 30. g3 Rc8 31. Qf5 Rc7 32. Bd3 Qh6 33. Rc4 Qg6 34. Qf3 f5 35. Rb7 Qg7 36. Rh4 Rxb7 37. cxb7 d5 38. Qxd5 Bb8 39. Bxf5 h6 40. Rg4 Qf6 41. Qe6 Qxe6 42. Bxe6 Ba7 43. Kh1 Bxf2 44. Rf4 Rxf4 1-0

[Event "DEN-ch M7 Gr1"]
[Site "Koge"]
[Date "2005.03.27"]
[Round "6"]
[White "Paaske, Asger"]
[Black "Jensen, Jacob Bjerre"]
[Result "1-0"]
[WhiteElo "2129"]
[BlackElo "2175"]
[PlyCount "127"]
[EventDate "2005.03.22"]
[EventType "tourn"]
[EventRounds "7"]
[EventCountry "DEN"]
[SourceTitle "EXT 2018"]
[Source "ChessBase"]
[SourceDate "2017.10.13"]
[SourceVersion "1"]
[SourceVersionDate "2017.10.13"]
[SourceQuality "1"]

1. e4 e6 2. d4 d5 3. Nd2 Nf6 4. e5 Nfd7 5. Bd3 c5 6. c3 Nc6 7. Ne2 cxd4 8. cxd4 f6 9. exf6 Qxf6 10. Nf3 h6 11. 0-0 Bd6 12. a3 0-0 13. Bc2 Rd8 14. Qd3 Nf8 15. Ng3 Bd7 16. Be3 Be8 17. Qd2 Rac8 18. Rac1 Rc7 19. Rfe1 b5 20. b4 a5 21. bxa5 Bxa3 22. Rb1 Bb4 23. Rxb4 Nxb4 24. Bb1 Nc6 25. Ne5 Ra8 26. Rc1 Rac8 27. Nxc6 Rxc6 28. Rxc6 Rxc6 29. Bd3 Rc7 30. a6 Ra7 31. Qa5 e5 32. Bxb5 exd4 33. Bxe8 dxe3 34. Qxd5+ Kh8 35. fxe3 Rxa6 36. Bb5 Ra5 37. h3 Qb6 38. Qf3 Ng6 39. Bd3 Re5 40. Kh2 Re8 41. Qf7 Rxe3 42. Qxg6 Qxg6 43. Bxg6 Rb3 44. Be4 Re3 45. Bf3 Ra3 46. Ne4 Kg8 47. Kg3 Kf8 48. Kf4 Ra5 49. Nf2 g6 50. Ng4 Kg7 51. Be4 Rb5 52. Ne5 Rb2 53. h4 Rf2+ 54. Bf3 h5 55. Kg5 Ra2 56. g3 Ra5 57. Kf4 Ra6 58. Be4 Ra1 59. Nxg6 Rf1+ 60. Ke5 Rd1 61. Nf4 Kh6 62. Ne2 Re1 63. Nd4 Rf1 64. Nf5+ 1-0

[Event "DEN-ch M7 Gr1"]
[Site "Koge"]
[Date "2005.03.23"]
[Round "2"]
[White "Christensen, Bo Garner"]
[Black "Paaske, Asger"]
[Result "1-0"]
[WhiteElo "2292"]
[BlackElo "2129"]
[PlyCount "93"]
[EventDate "2005.03.22"]
[EventType "tourn"]
[EventRounds "7"]
[EventCountry "DEN"]
[SourceTitle "EXT 2018"]
[Source "ChessBase"]
[SourceDate "2017.10.13"]
[SourceVersion "1"]
[SourceVersionDate "2017.10.13"]
[SourceQuality "1"]

1. Nf3 Nf6 2. c4 g6 3. Nc3 d5 4. d4 Bg7 5. Qb3 dxc4 6. Qxc4 0-0 7. e4 Nc6 8. d5 Na5 9. Qa4 c6 10. Bg5 cxd5 11. Bxf6 Bxf6 12. Nxd5 Bxb2 13. Rd1 e6 14. Qb4 exd5 15. Qxb2 Qe7 16. e5 Be6 17. Be2 Nc4 18. Qd4 Qb4+ 19. Kf1 Qe7 20. h4 h6 21. g4 b5 22. Qf4 Kg7 23. Nd4 Bd7 24. Bxc4 dxc4 25. Nf5+ Bxf5 26. gxf5 Kh7 27. h5 g5 28. Qe4 f6 29. e6 Rad8 30. Ke2 Kg7 31. Rxd8 Rxd8 32. Rd1 Rxd1 33. Kxd1 Qd8+ 34. Kc2 Kf8 35. Qe3 a6 36. Qc5+ Kg8 37. Kc1 Qb8 38. Qd5 Kf8 39. Kc2 Qe8 40. Qd6+ Qe7 41. Qxa6 Qc5 42. Qa8+ Ke7 43. Qb7+ Kd6 44. Qd7+ Ke5 45. e7 Qxf2+ 46. Qd2 Qxf5+ 47. Kb2 1-0

[Event "DEN-ch M7 Gr1"]
[Site "Koge"]
[Date "2005.03.22"]
[Round "1"]
[White "Paaske, Asger"]
[Black "Andersen, Tom Juul"]
[Result "1/2-1/2"]
[WhiteElo "2129"]
[BlackElo "2108"]
[PlyCount "40"]
[EventDate "2005.03.22"]
[EventType "tourn"]
[EventRounds "7"]
[EventCountry "DEN"]
[SourceTitle "EXT 2018"]
[Source "ChessBase"]
[SourceDate "2017.10.13"]
[SourceVersion "1"]
[SourceVersionDate "2017.10.13"]
[SourceQuality "1"]

1. e4 d5 2. exd5 Nf6 3. d4 Nxd5 4. Nf3 g6 5. Be2 Bg7 6. c4 Nb6 7. 0-0 0-0 8. Nc3 Nc6 9. d5 Na5 10. c5 Bxc3 11. cxb6 Bg7 12. Bf4 axb6 13. b4 Bxa1 14. Qxa1 f6 15. bxa5 Qxd5 16. Qc3 Qe4 17. Bh6 Qxe2 18. Bxf8 Kxf8 19. Qxc7 Qxa2 20. axb6 Qd5 1/2-1/2

[Event "Krakow op"]
[Site "Krakow"]
[Date "2005.01.03"]
[Round "8"]
[White "Paaske, Asger"]
[Black "Sygulski, Boguslaw"]
[Result "0-1"]
[WhiteElo "2132"]
[BlackElo "2282"]
[PlyCount "94"]
[EventDate "2004.12.27"]
[EventType "swiss"]
[EventRounds "9"]
[EventCountry "POL"]
[SourceTitle "CBM 104 Extra"]
[Source "ChessBase"]
[SourceDate "2005.03.01"]
[SourceVersion "1"]
[SourceVersionDate "2005.03.01"]
[SourceQuality "1"]

1. e4 c5 2. c3 d6 3. d4 Nf6 4. dxc5 Nc6 5. Bc4 e6 6. Bg5 dxc5 7. Qxd8+ Kxd8 8. Nd2 h6 9. Be3 Bd6 10. h3 b6 11. 0-0-0 Bb7 12. Ne2 Ke7 13. f4 Bc7 14. g4 Rad8 15. Rhg1 Na5 16. e5 Ne4 17. Bb5 Nxd2 18. Bxd2 a6 19. Ba4 Bf3 20. Rge1 Nc4 21. Bb3 Nxd2 22. Rxd2 b5 23. Bc2 Rxd2 24. Kxd2 Bg2 25. Ng1 Rd8+ 26. Kc1 c4 27. Re2 Bc6 28. Rd2 Bb6 29. Rxd8 Kxd8 30. Ne2 Be3+ 31. Kd1 Bf3 32. f5 Bf4 33. fxe6 fxe6 34. Ke1 Bxe5 35. Nd4 Bxd4 36. cxd4 g5 37. Kf2 Bd5 38. a3 Kc7 39. Kg3 Kb6 40. h4 b4 41. hxg5 hxg5 42. axb4 Kb5 43. Kf2 Kxb4 44. Ke3 c3 45. bxc3+ Kxc3 46. Ba4 a5 47. Bd7 Kb3 0-1

[Event "Krakow op"]
[Site "Krakow"]
[Date "2005.01.02"]
[Round "7"]
[White "Kalinin, Oleg"]
[Black "Paaske, Asger"]
[Result "1-0"]
[WhiteElo "2339"]
[BlackElo "2132"]
[PlyCount "59"]
[EventDate "2004.12.27"]
[EventType "swiss"]
[EventRounds "9"]
[EventCountry "POL"]
[SourceTitle "CBM 104 Extra"]
[Source "ChessBase"]
[SourceDate "2005.03.01"]
[SourceVersion "1"]
[SourceVersionDate "2005.03.01"]
[SourceQuality "1"]

1. c4 Nf6 2. Nc3 c5 3. e4 d6 4. Nge2 g6 5. d4 cxd4 6. Nxd4 Bg7 7. Be2 Nc6 8. Nc2 Nd7 9. Bd2 Nc5 10. b4 Ne6 11. Rb1 0-0 12. 0-0 f5 13. exf5 gxf5 14. Nd5 Ned4 15. Nxd4 Nxd4 16. Bg5 Nxe2+ 17. Qxe2 Bf6 18. Bxf6 exf6 19. Rb3 Rf7 20. Re1 Bd7 21. Rg3+ Kh8 22. Qh5 Qf8 23. Nf4 Rg7 24. Rxg7 Kxg7 25. Re3 Qf7 26. Rg3+ Kf8 27. Qh6+ Ke8 28. Nd5 Be6 29. Nxf6+ Kd8 30. Rg7 1-0

[Event "Krakow op"]
[Site "Krakow"]
[Date "2004.12.28"]
[Round "2"]
[White "Paaske, Asger"]
[Black "Marszalek, Maciej"]
[Result "0-1"]
[WhiteElo "2132"]
[BlackElo "2335"]
[PlyCount "72"]
[EventDate "2004.12.27"]
[EventType "swiss"]
[EventRounds "9"]
[EventCountry "POL"]
[SourceTitle "CBM 104 Extra"]
[Source "ChessBase"]
[SourceDate "2005.03.01"]
[SourceVersion "1"]
[SourceVersionDate "2005.03.01"]
[SourceQuality "1"]

1. e4 c5 2. c3 d6 3. d4 cxd4 4. cxd4 Nf6 5. Nc3 g6 6. Nf3 Bg7 7. Be2 0-0 8. 0-0 Nc6 9. h3 e5 10. dxe5 dxe5 11. Qxd8 Rxd8 12. Bc4 h6 13. Be3 Bd7 14. Rfd1 Be8 15. a3 Kh7 16. Ba2 Nh5 17. Nd5 Rac8 18. Rac1 g5 19. b4 Nf4 20. Kf1 Ne6 21. b5 Ncd4 22. a4 a6 23. bxa6 bxa6 24. Bxd4 Nxd4 25. Nxd4 exd4 26. Nb6 Rxc1 27. Rxc1 d3 28. Bd5 d2 29. Rb1 Rb8 30. Ke2 Bc3 31. Ba2 Ba5 32. Nc4 Bxa4 33. Nxd2 Bb5+ 34. Ke3 Rc8 35. Nf1 Rc2 36. Bxf7 Bb6+ 0-1

[Event "Krakow op"]
[Site "Krakow"]
[Date "2004.12.27"]
[Round "1"]
[White "Mikrut, Dariusz"]
[Black "Paaske, Asger"]
[Result "1/2-1/2"]
[WhiteElo "2345"]
[BlackElo "2132"]
[PlyCount "119"]
[EventDate "2004.12.27"]
[EventType "swiss"]
[EventRounds "9"]
[EventCountry "POL"]
[SourceTitle "CBM 104 Extra"]
[Source "ChessBase"]
[SourceDate "2005.03.01"]
[SourceVersion "1"]
[SourceVersionDate "2005.03.01"]
[SourceQuality "1"]

1. d4 Nf6 2. c4 g6 3. f3 Bg7 4. e4 e5 5. Ne2 exd4 6. Nxd4 0-0 7. Nc3 Re8 8. Be2 c6 9. 0-0 d5 10. exd5 Nxd5 11. cxd5 Qb6 12. Kh1 Qxd4 13. Qxd4 Bxd4 14. Bc4 Bf5 15. Bg5 Nd7 16. dxc6 bxc6 17. Rad1 Ne5 18. Rxd4 Nxc4 19. g4 c5 20. Rdd1 Bc2 21. Rd7 Ne5 22. Rd2 Bd3 23. Rff2 c4 24. Nd5 Nd7 25. Bf6 Re1+ 26. Kg2 Nxf6 27. Nxf6+ Kg7 28. Nd5 Rae8 29. a3 Rb1 30. Nb4 Rb8 31. Kg3 Rd8 32. Kf4 h6 33. h4 f6 34. Nc6 Rd7 35. Kg3 Rg1+ 36. Kh2 Rb1 37. Kg2 g5 38. hxg5 hxg5 39. Rfe2 Rc7 40. Re7+ Rxe7 41. Nxe7 Rc1 42. Nc6 a6 43. Nb4 Rb1 44. Nxd3 cxd3 45. Kf2 f5 46. gxf5 Kf6 47. Ke3 Kxf5 48. Kxd3 Kf4 49. Ke2 a5 50. Kf2 Rh1 51. Rd4+ Ke5 52. Re4+ Kf5 53. b4 Ra1 54. Re3 axb4 55. axb4 g4 56. fxg4+ Kxg4 57. Rb3 Kf4 58. b5 Ke5 59. b6 Ra8 60. Ke3 1/2-1/2

[Event "Copenhagen-ch"]
[Site "Copenhagen"]
[Date "2004.10.17"]
[Round "9"]
[White "Paaske, Asger"]
[Black "Lund, Silas Esben"]
[Result "0-1"]
[WhiteElo "2132"]
[BlackElo "2307"]
[PlyCount "76"]
[EventDate "2004.10.09"]
[EventType "swiss"]
[EventRounds "9"]
[EventCountry "DEN"]
[SourceTitle "EXT 2018"]
[Source "ChessBase"]
[SourceDate "2017.10.13"]
[SourceVersion "1"]
[SourceVersionDate "2017.10.13"]
[SourceQuality "1"]

1. e4 e5 2. Nf3 Nc6 3. Bb5 Nf6 4. d3 d6 5. c3 Be7 6. Nbd2 0-0 7. Nf1 d5 8. Ng3 dxe4 9. dxe4 Qxd1+ 10. Kxd1 Ng4 11. Ke2 Bd7 12. h3 Nf6 13. Rd1 Rad8 14. Bc4 h6 15. Be3 Bd6 16. Nh4 Kh7 17. Ngf5 g5 18. Nxd6 cxd6 19. Nf3 Nxe4 20. Bd5 f5 21. Bxe4 fxe4 22. Nd2 d5 23. Nb3 Bc8 24. Rd2 b6 25. Rad1 Ba6+ 26. Ke1 Bd3 27. f3 Bc4 28. Nc1 exf3 29. b3 Ba6 30. Rxd5 Rxd5 31. Rxd5 fxg2 32. Rd7+ Kg6 33. Rd6+ Rf6 34. Rxf6+ Kxf6 35. Kf2 Bf1 36. Ne2 Bxe2 37. Kxe2 Ne7 38. Bf2 Nd5 0-1

[Event "Copenhagen-ch"]
[Site "Copenhagen"]
[Date "2004.10.11"]
[Round "3"]
[White "Skovgaard, Peter Nicolai"]
[Black "Paaske, Asger"]
[Result "1-0"]
[WhiteElo "2137"]
[BlackElo "2132"]
[PlyCount "57"]
[EventDate "2004.10.09"]
[EventType "swiss"]
[EventRounds "9"]
[EventCountry "DEN"]
[SourceTitle "EXT 2018"]
[Source "ChessBase"]
[SourceDate "2017.10.13"]
[SourceVersion "1"]
[SourceVersionDate "2017.10.13"]
[SourceQuality "1"]

1. e4 c5 2. Nf3 Nc6 3. Nc3 Nf6 4. Bb5 Qc7 5. 0-0 Nd4 6. Re1 a6 7. Bc4 b5 8. e5 bxc4 9. exf6 e6 10. Nxd4 cxd4 11. Qg4 Bb7 12. Ne4 0-0-0 13. d3 gxf6 14. Nxf6 Be7 15. Qxd4 Qc6 16. Ne4 f5 17. Qg7 fxe4 18. Qxe7 exd3 19. f3 Rhg8 20. Re4 Qc7 21. Bf4 Qb6+ 22. Be3 Qb5 23. a4 Qxb2 24. Rxc4+ Bc6 25. Bd4 Qb7 26. cxd3 Kb8 27. Rb4 Bb5 28. Qd6+ Ka8 29. axb5 1-0

[Event "Copenhagen-ch"]
[Site "Copenhagen"]
[Date "2004.10.09"]
[Round "1"]
[White "Paaske, Asger"]
[Black "Moller, Arne Vagn"]
[Result "1-0"]
[WhiteElo "2132"]
[BlackElo "1935"]
[PlyCount "47"]
[EventDate "2004.10.09"]
[EventType "swiss"]
[EventRounds "9"]
[EventCountry "DEN"]
[SourceTitle "EXT 2018"]
[Source "ChessBase"]
[SourceDate "2017.10.13"]
[SourceVersion "1"]
[SourceVersionDate "2017.10.13"]
[SourceQuality "1"]

1. e4 c5 2. Nf3 d6 3. d4 cxd4 4. Nxd4 Nf6 5. Nc3 a6 6. Be3 e6 7. f3 Qc7 8. Qd2 Nc6 9. 0-0-0 b5 10. g4 Be7 11. g5 Nd7 12. h4 b4 13. Nce2 Nde5 14. Ng3 Bb7 15. Be2 Rc8 16. Kb1 d5 17. exd5 Nxd4 18. Bxd4 Bxd5 19. Nh5 0-0 20. Rhg1 Bc5 21. Nf6+ gxf6 22. gxf6+ Kh8 23. Qh6 Rg8 24. Rg7 1-0

[Event "Cullera op-A 25th"]
[Site "Cullera"]
[Date "2004.07.27"]
[Round "7"]
[White "Sanchez Jerez, Emilio Miguel"]
[Black "Paaske, Asger"]
[Result "0-1"]
[WhiteElo "2033"]
[BlackElo "2161"]
[PlyCount "46"]
[EventDate "2004.07.??"]
[EventType "swiss"]
[EventRounds "9"]
[EventCountry "ESP"]
[SourceTitle "CBM 101 Extra"]
[Source "ChessBase"]
[SourceDate "2004.09.01"]
[SourceVersion "2"]
[SourceVersionDate "2004.09.01"]
[SourceQuality "1"]

1. a3 e5 2. c4 c6 3. Nf3 e4 4. Nd4 d5 5. cxd5 Nf6 6. d3 exd3 7. Qxd3 Nxd5 8. e4 Nf6 9. Nc3 Be7 10. e5 Nd5 11. Qg3 g6 12. Ne4 Qb6 13. Be3 Nxe3 14. Qxe3 Qa5+ 15. b4 Bxb4+ 16. axb4 Qxa1+ 17. Kd2 Qb2+ 18. Nc2 0-0 19. Nf6+ Kg7 20. Bd3 Rd8 21. Qg5 Rxd3+ 22. Kxd3 Bf5+ 23. Ke3 Qxe5+ 0-1